| Tag |
First Indicator |
Second Indicator |
Subfields |
| LEADER |
00000cam a2200000 4500 |
| 001 |
in00001108321 |
| 005 |
20150929212433.0 |
| 007 |
he bm----b--- |
| 008 |
770110s1868 mauaf b 000 0 eng d |
| 035 |
|
|
|a (OCoLC)02669307
|
| 035 |
|
|
|9 AFU1160AM
|
| 040 |
|
|
|a MIA
|c MIA
|d MIA
|d TXA
|d UtOrBLW
|
| 043 |
|
|
|a n-us-ma
|
| 049 |
|
|
|a TXAI
|
| 090 |
|
|
|a F73.62.F5
|b E474
|
| 099 |
|
|
|a fiche
|a C
|a 7236
|
| 100 |
1 |
|
|a Ellis, Rufus,
|d 1819-1885.
|
| 245 |
1 |
4 |
|a The last sermon preached in First Church, Chauncy Street, May 10, 1868 :
|b being the Lord's day previous to the removal of the congregation to the chapel of their fifth house of worship, on the corner of Berkeley and Marlborough streets /
|c By Rufus Ellis; with an appendix.
|
| 264 |
|
1 |
|a Boston :
|b Press of J. Wilson,
|c 1868.
|
| 300 |
|
|
|a 32 pages :
|b frontispiece, plates. ;
|c 23 cm.
|
| 336 |
|
|
|a text
|b txt
|2 rdacontent
|
| 337 |
|
|
|a microform
|b h
|2 rdamedia
|
| 338 |
|
|
|a microfiche
|b he
|2 rdacarrier
|
| 533 |
|
|
|a Microfiche.
|b Louisville [Ky.] :
|c Lost Cause Press,
|d 1975.
|e 2 microfiches : negative ; 10.5 x 14.8 cm. (Selected Americana from Sabin's Dictionary of books relating to America)
|
| 500 |
|
|
|a Microform.
|
| 610 |
1 |
0 |
|a First Church (Boston, Mass.)
|
| 999 |
|
|
|a MARS
|
| 999 |
f |
f |
|s ac6baa58-0ec8-38c4-b2de-2ac3710b578e
|i d1e812e0-7eca-376a-9a12-f21c20098377
|t 0
|
| 952 |
f |
f |
|p normal
|a Texas A&M University
|b College Station
|c Sterling C. Evans Library
|d Evans: Microforms (3rd floor)
|t 0
|e fiche C 7236
|h Other scheme
|i microform -- microfiche
|m A14823052968
|
| 998 |
f |
f |
|a fiche C 7236
|t 0
|l Evans: Microforms (3rd floor)
|